LEADER 01494nam 2200385 a 450 001 9910701322303321 005 20120127134113.0 035 $a(CKB)5470000002417848 035 $a(OCoLC)774042696 035 $a(EXLCZ)995470000002417848 100 $a20120127d2011 ua 0 101 0 $aeng 135 $aurbn||||||||| 181 $ctxt$2rdacontent 182 $cc$2rdamedia 183 $acr$2rdacarrier 200 10$aNuclear safety$b[electronic resource] $eagreement between the United States of America and the European Atomic Energy Community signed at Vienna, November 2, 2010, with annexes 210 1$a[Washington, D.C.] :$cU.S. Dept. of State,$d[2011?] 215 $a1 online resource (18 unnumbered pages) 225 1 $aTreaties and other international acts series ;$v10-1102 300 $aTitle from title screen (viewed on Jan. 27, 2012). 517 $aNuclear safety 606 $aNuclear energy$zUnited States$xSafety measures 606 $aNuclear energy$zEuropean Economic Community countries$xSafety measures 606 $aNuclear facilities$xSafety measures$xInternational cooperation 615 0$aNuclear energy$xSafety measures. 615 0$aNuclear energy$xSafety measures. 615 0$aNuclear facilities$xSafety measures$xInternational cooperation. 712 02$aUnited States.$bDepartment of State. 801 0$bGPO 801 1$bGPO 906 $aBOOK 912 $a9910701322303321 996 $aNuclear safety$92319825 997 $aUNINA